Statystyki dla Brakujący zespół w karierze kierowcy Formuły 1

Kliknij tutaj aby rozwiązać quiz!

Ogólne statystyki

  • Ten quiz został rozwiązany 61 razy
  • Średni wynik to 7 z 10

Statystyki odpowiedzi

KierowcaKarieraBrakujący zespół% Poprawnych
Sebastian Vettel2007 BMW
2007-2008 Toro Rosso
2009-2014 Red Bull
2015-2020 ?????
2021-2022 Aston Martin
Ferrari
98%
Robert Kubica2006-2009 BMW
2010 Renault
2019 Williams
2021 ?????
Alfa Romeo
89%
Valtteri Bottas2013-2016 ?????
2017-2021 Mercedes
2022- Alfa Romeo
Williams
80%
Esteban Ocon2016 Manor
2017-2018 ?????
2020 Renault
2021-teraz Alpine
Force India
70%
Michael Schumacher1991 Jordan
1991-1995 ?????
1996-2006 Ferrari
2010-2012 Mercedes
Benetton
68%
Sergio Perez2011-2012 Sauber
2013 ?????
2014-2018 Force India
2019-2020 Racing Point
2021-teraz Red Bull
McLaren
61%
Jenson Button2000 Williams
2001 Benetton
2002 Renault
2003-2005 BAR
2006-2008 ?????
2009 Brawn
2010-2017 McLaren
Honda
55%
Daniel Ricciardo2011 ?????
2012-2013 Toro Rosso
2014-2018 Red Bull
2019-2020 Renault
2021-2022 McLaren
2023-teraz AlphaTauri
HRT
55%
Ayrton Senna1984 Toleman
1985-1987 ?????
1988-1993 McLaren
1994 Williams
Lotus
45%
Alain Prost1980 McLaren
1981-1983 ?????
1984-1989 McLaren
1990-1991 Ferrari
1993-1993 Williams
Renault
36%

Rozkład punktacji

Percentyl według liczby udzielonych odpowiedzi

Procent ludzi z każdym wynikiem

Twoja historia wyników

Nie rozwiązałeś tego quizu